00480nam a2200157 i 450000100060000000300090000600500170001500700030003200800410003510000180007624500880009426000520018230000220023470000450025685200210030134970ES-MaACL20250927103014.0t|030211s1922 fr ||||1| fre d1 aBojer, Joban.13aLe demier viking / cJoban Bojer ; roman traduit du noruegien par P.G. La Chesmais. a[S.l. : bs.n., c1922] (eLagny : fE. Grevin) a356 p. ; c19 cm.1 aLa Chesnais, Pierre Georget, d1865-1948 aES-MaACLjF-2527